[Event "London Classic Open 2016"]
[Site "London ENG"]
[Date "2016.12.11"]
[Round "4.109"]
[White "Wilks, Simon"]
[Black "Haddock, Paul"]
[Result "1-0"]
[WhiteElo "1935"]
[BlackElo "1569"]
[WhiteFideId "427357"]
[BlackFideId "419150"]
[EventDate "2016.12.09"]

1. e4 e5 2. Nf3 Nc6 3. Bb5 a6 4. Ba4 Nf6 5. O-O b5 6. Bb3 Be7 7. Qe2 d6 8. c3
Bb7 9. a4 O-O 10. Rd1 Na5 11. Bc2 c5 12. axb5 axb5 13. d4 cxd4 14. cxd4 Qc7 15.
Bg5 h6 16. Bh4 Rfc8 17. Bd3 b4 18. Nbd2 Qb6 19. dxe5 dxe5 20. Nxe5 Rd8 21. Nec4
Nxc4 22. Nxc4 Qd4 23. Rxa8 Bxa8 24. Bc2 Qc5 25. Rxd8+ Bxd8 26. e5 Qd5 27. f3
Qd4+ 28. Bf2 Qd7 29. exf6 Bxf6 30. Qd3 Qxd3 31. Bxd3 Bd5 32. b3 Bc3 33. Kf1 g6
34. Ke2 f5 35. Be1 Bxe1 36. Kxe1 Kf8 37. Ke2 Ke7 38. Ke3 Kf6 39. g3 g5 40. f4
gxf4+ 41. gxf4 h5 42. h4 Ke6 43. Kd4 Bf3 44. Ne3 1-0

[Event "London Classic Open 2016"]
[Site "London ENG"]
[Date "2016.12.11"]
[Round "4.110"]
[White "Lie, Terje"]
[Black "Bhatia, Kanwal K"]
[Result "0-1"]
[BlackTitle "WFM"]
[WhiteElo "1563"]
[BlackElo "2096"]
[WhiteFideId "1504916"]
[BlackFideId "407496"]
[EventDate "2016.12.09"]

1. d4 Nf6 2. c4 c5 3. d5 b5 4. cxb5 a6 5. e3 g6 6. Nc3 Bg7 7. Nf3 O-O 8. a4 axb5
9. Bxb5 Qa5 10. Bd2 Ba6 11. O-O Qb6 12. Qc2 e6 13. dxe6 fxe6 14. Rfd1 Bb7 15.
Ne1 Nc6 16. Nd3 Rac8 17. Be1 Ba8 18. Qe2 Ne7 19. f3 Nf5 20. Bf2 d5 21. Ne5 Qc7
22. f4 Rcd8 23. Rac1 Ne8 24. Nf3 Bc6 25. Ng5 Bxb5 26. Qxb5 Qe7 27. Ne2 c4 28. b4
Ned6 29. Qb6 Rb8 30. Qa5 Ra8 31. Rxd5 Rxa5 32. Rxa5 e5 33. Nc3 exf4 34. exf4 Nb7
35. Nd5 Qe2 36. Re1 Qd3 37. Rb5 Nfd6 38. Ne7+ Kh8 39. Rd5 Qc3 40. g3 Qxb4 41.
Ne6 Rf7 42. Nxg7 Kxg7 43. Bd4+ Kf8 44. Rde5 c3 45. Bf2 c2 46. Nd5 Qb1 47. Nc3
Qb2 48. Ne2 Rf5 49. Bd4 Qb1 50. Nc1 Qb4 51. Bf2 Qxa4 52. Re7 h5 53. Rc7 Rf7 54.
Bc5 Rxc7 55. Bxd6+ Nxd6 0-1

[Event "London Classic Open 2016"]
[Site "London ENG"]
[Date "2016.12.11"]
[Round "4.111"]
[White "Spychala, Josefa"]
[Black "Bhat, Vishal"]
[Result "0-1"]
[WhiteElo "1466"]
[BlackElo "1989"]
[WhiteFideId "1136208"]
[BlackFideId "3216330"]
[EventDate "2016.12.09"]

1. d4 d5 2. c4 c6 3. Nc3 Nf6 4. e3 e6 5. Nf3 Nbd7 6. Bd3 dxc4 7. Bxc4 b5 8. Bd3
Bb7 9. O-O a6 10. Ne4 Nxe4 11. Bxe4 Nf6 12. Bc2 c5 13. dxc5 Bxc5 14. Qe2 O-O 15.
b3 Qe7 16. Rd1 Rfd8 17. Bb2 Rac8 18. Rac1 Bb6 19. Bb1 Rxc1 20. Rxc1 Ne4 21. Rd1
Ng5 22. Nxg5 Qxg5 23. Rxd8+ Bxd8 24. g3 f5 25. f4 Qe7 26. Bd4 Qd6 27. Kf2 Qd5
28. Ke1 Ba5+ 29. Kd1 Qh1+ 0-1

[Event "London Classic Open 2016"]
[Site "London ENG"]
[Date "2016.12.11"]
[Round "4.112"]
[White "Cotter, Len"]
[Black "Burke, John S"]
[Result "0-1"]
[WhiteElo "1758"]
[BlackElo "2055"]
[WhiteFideId "431419"]
[BlackFideId "404322"]
[EventDate "2016.12.09"]

1. d4 d6 2. Nf3 Bg4 3. Bf4 Nd7 4. Nbd2 Ngf6 5. h3 Bh5 6. g4 Bg6 7. Nh4 Be4 8.
Nxe4 Nxe4 9. Qd3 d5 10. Nf3 e6 11. Bg2 Be7 12. a3 O-O 13. c4 c6 14. O-O f6 15.
Ne1 Nd6 16. c5 Nf7 17. Nf3 e5 18. e4 dxe4 19. Qxe4 exf4 20. Qxf4 Re8 21. b4 Ng5
22. Nh4 g6 23. Rad1 Qb8 24. Qd2 Kg7 25. d5 cxd5 26. Qxd5 Nf8 27. f4 Nf7 28. f5
Qg3 29. fxg6 hxg6 30. Nf3 Bd8 31. c6 bxc6 32. Qxc6 Bb6+ 33. Nd4 Bxd4+ 34. Rxd4
Qe3+ 0-1

[Event "London Classic Open 2016"]
[Site "London ENG"]
[Date "2016.12.11"]
[Round "4.113"]
[White "Bratteteig, Tore-Inge"]
[Black "Lechner, Marcus"]
[Result "0-1"]
[WhiteElo "1698"]
[BlackElo "2000"]
[WhiteFideId "1510711"]
[BlackFideId "1629034"]
[EventDate "2016.12.09"]

1. d4 c5 2. d5 Nf6 3. c4 d6 4. Nc3 g6 5. Nf3 Bg7 6. g3 O-O 7. Bg2 e6 8. O-O exd5
9. cxd5 a6 10. a4 Re8 11. Nd2 Nbd7 12. Nc4 Ne5 13. Nxe5 Rxe5 14. e4 Re8 15. Re1
b6 16. f4 Ng4 17. Ne2 Ra7 18. h3 Nf6 19. Nc3 Rae7 20. Kh2 Nxe4 21. Rxe4 Bf5 22.
Rxe7 Rxe7 23. g4 Bd7 24. Bd2 b5 25. axb5 axb5 26. Rb1 f5 27. g5 b4 28. Ne2 Bb5
29. Nc1 Qe8 30. Bf3 Ba4 31. b3 Bb5 32. Kg3 h6 33. gxh6 Bf6 34. h4 Qf8 35. Kh3
Qxh6 36. Be1 Qxf4 37. Bg3 Qh6 38. Qh1 Ra7 39. Qe1 Bd7 40. Ne2 f4+ 41. Bg4 Bxg4+
42. Kxg4 fxg3 43. Nxg3 Qxh4+ 44. Kf3 Be5 45. Rc1 Qh3 0-1

[Event "London Classic Open 2016"]
[Site "London ENG"]
[Date "2016.12.11"]
[Round "4.114"]
[White "Garcia Serrano, Jose M.2"]
[Black "Kalerwa, Edwin M"]
[Result "1-0"]
[WhiteElo "1913"]
[BlackElo "1756"]
[WhiteFideId "2285215"]
[BlackFideId "422223"]
[EventDate "2016.12.09"]

1. e4 c6 2. Nc3 d5 3. Nf3 Bg4 4. h3 Bh5 5. exd5 cxd5 6. g4 Bg6 7. Bb5+ Nc6 8.
Ne5 Qd6 9. d4 f6 10. Nxg6 hxg6 11. Qd3 O-O-O 12. Bxc6 Qxc6 13. Be3 g5 14. O-O-O
e6 15. f4 gxf4 16. Bxf4 Bd6 17. Bxd6 Qxd6 18. Nb5 Qb6 19. Rde1 Kb8 20. Rxe6 Qxe6
21. Qg3+ Rd6 22. Nxd6 Kc7 23. Nf7+ Kd7 24. Nxh8 Ne7 25. Re1 Qg8 26. Qe3 Nc6 27.
Ng6 Qf7 28. Nf4 a5 29. Qe6+ Qxe6 30. Nxe6 g5 31. c3 b6 32. Nf8+ 1-0

[Event "London Classic Open 2016"]
[Site "London ENG"]
[Date "2016.12.11"]
[Round "4.115"]
[White "Dror, Levi"]
[Black "Alderson, John K A"]
[Result "1/2-1/2"]
[WhiteElo "1698"]
[BlackElo "1839"]
[WhiteFideId "2809583"]
[BlackFideId "422711"]
[EventDate "2016.12.09"]

1. e4 d6 2. Bc4 Nf6 3. Nc3 c6 4. d3 g6 5. Be3 b5 6. Bb3 Bg7 7. h3 Nbd7 8. Qd2 e5
9. Nge2 O-O 10. Bh6 Nc5 11. Bxg7 Kxg7 12. g4 a5 13. a4 b4 14. Nd1 Nxb3 15. cxb3
Ba6 16. Ng3 d5 17. g5 Nd7 18. Rc1 Rc8 19. O-O Qe7 20. Re1 Nc5 21. Rxc5 Qxc5 22.
Kg2 Qe7 23. d4 Qd6 24. dxe5 Qxe5 25. f4 Qd6 26. Qd4+ f6 27. Qa7+ Kg8 28. Qxa6
Qxf4 29. gxf6 Qxf6 30. Qe2 Rce8 31. e5 Qf4 32. Nf2 Rxe5 33. Qxe5 Qxf2+ 34. Kh1
Qf3+ 1/2-1/2

[Event "London Classic Open 2016"]
[Site "London ENG"]
[Date "2016.12.11"]
[Round "4.116"]
[White "Balaji, Aaravamudhan"]
[Black "Bin-Suhayl, Yousuf"]
[Result "0-1"]
[WhiteElo "1634"]
[BlackElo "1788"]
[WhiteFideId "436224"]
[BlackFideId "427012"]
[EventDate "2016.12.09"]

1. e4 e6 2. d4 d5 3. e5 c5 4. c3 Nc6 5. Nf3 Qb6 6. Bd3 Bd7 7. O-O cxd4 8. cxd4
Nxd4 9. Nbd2 Bc5 10. b4 Be7 11. Bb2 Nxf3+ 12. Nxf3 Bb5 13. Bd4 Qa6 14. Bxb5+
Qxb5 15. Rc1 Qd7 16. Ne1 Nh6 17. Nd3 b6 18. Be3 Nf5 19. Qf3 O-O 20. Rfd1 Rfc8
21. h3 Rxc1 22. Bxc1 Rc8 23. Be3 Nxe3 24. Qxe3 Qa4 25. Qe2 Bxb4 26. Qg4 Rc4 27.
f4 Bc5+ 28. Kh2 Rd4 29. Nxc5 bxc5 30. Rf1 Qe8 31. Rf3 Qe7 32. Rg3 f5 33. exf6
Qxf6 34. Qe2 Rxf4 35. Qa6 Qe7 36. Rb3 Rf8 37. Rb7 Qf6 38. Rxa7 c4 39. Qc6 Qe5+
40. Kg1 Qe3+ 41. Kh2 Qxa7 42. Qxe6+ Qf7 43. Qc6 d4 0-1

[Event "London Classic Open 2016"]
[Site "London ENG"]
[Date "2016.12.11"]
[Round "4.117"]
[White "Islam, Mohammed"]
[Black "Kretov, Ivan"]
[Result "1-0"]
[WhiteElo "1788"]
[BlackElo "1674"]
[WhiteFideId "10211870"]
[BlackFideId "24194484"]
[EventDate "2016.12.09"]

1. c4 c6 2. d4 d5 3. Nf3 Nf6 4. Bf4 e6 5. Nbd2 Bd6 6. Bg5 Nbd7 7. a3 a5 8. e4
dxe4 9. Nxe4 Be7 10. Bd3 Nxe4 11. Bxe7 Qxe7 12. Bxe4 Nf6 13. Bd3 O-O 14. O-O Rd8
15. Qc2 b6 16. Rfe1 Qc7 17. Rac1 Ba6 18. b4 c5 19. dxc5 bxc5 20. b5 Bb7 21. Ng5
h6 22. Ne4 Ng4 23. Ng3 Ne5 24. b6 Qd6 25. Bh7+ Kh8 26. Rcd1 Nd3 27. Bxd3 Qxb6
28. Rb1 Qc7 29. Rxb7 Qxb7 30. Be4 Qc7 31. Bxa8 Rxa8 32. Qe4 Rd8 33. Rb1 Rd4 34.
Qf3 Rxc4 35. Rb7 Rc1+ 36. Nf1 Qe5 37. Rxf7 c4 38. Qe3 Qa1 39. Rf8+ Kh7 40. Qe4+
g6 41. Qb7+ Qg7 42. Rf7 1-0

[Event "London Classic Open 2016"]
[Site "London ENG"]
[Date "2016.12.11"]
[Round "4.118"]
[White "Barasi, Paul Dl"]
[Black "Witt, Holger"]
[Result "1/2-1/2"]
[WhiteElo "1770"]
[BlackElo "1628"]
[WhiteFideId "432830"]
[BlackFideId "24678139"]
[EventDate "2016.12.09"]

1. d4 Nf6 2. Bg5 e6 3. Nd2 h6 4. Bh4 g5 5. Bg3 d6 6. e4 Bg7 7. h4 Nc6 8. hxg5
hxg5 9. Rxh8+ Bxh8 10. c3 e5 11. d5 Ne7 12. Be2 Ng6 13. Qc2 Ng4 14. Bxg4 Bxg4
15. Nc4 Bg7 16. f3 Bd7 17. O-O-O g4 18. Kb1 Bh6 19. Bf2 b6 20. Ne2 gxf3 21. gxf3
Qf6 22. Qd3 Nf4 23. Nxf4 Bxf4 24. Rg1 O-O-O 25. Be3 Bxe3 26. Qxe3 Kb7 27. Qe2 a6
28. Ne3 Rh8 29. a3 Qf4 30. Rg2 Rh3 31. Rf2 Rh1+ 32. Ka2 f5 33. exf5 Bxf5 34.
Nxf5 Qxf5 35. Rg2 Qb1+ 36. Kb3 Qd1+ 37. Ka2 Qb1+ 38. Kb3 Qd1+ 1/2-1/2

[Event "London Classic Open 2016"]
[Site "London ENG"]
[Date "2016.12.11"]
[Round "4.119"]
[White "Mohnblatt, Daniel"]
[Black "Leko, Ian E"]
[Result "1/2-1/2"]
[WhiteElo "1769"]
[BlackElo "1588"]
[WhiteFideId "648582"]
[BlackFideId "452173"]
[EventDate "2016.12.09"]

1. d4 d5 2. Nf3 Nf6 3. e3 c5 4. c4 cxd4 5. exd4 e6 6. Nc3 g6 7. Bg5 Bg7 8. Be2
Nc6 9. O-O h6 10. Bh4 g5 11. Bg3 Ne4 12. Ne5 Nxg3 13. hxg3 Qb6 14. c5 Qxb2 15.
Nb5 Nxd4 16. Nxd4 Bxe5 17. Bb5+ Ke7 18. Nb3 Bd7 19. Bxd7 Kxd7 20. f4 gxf4 21.
gxf4 Bc7 22. Rf2 Qc3 23. Rf3 Qf6 24. Nd4 b6 25. Qa4+ Ke7 26. Rc1 bxc5 27. Nc6+
Kf8 28. Ne5 Bxe5 29. fxe5 Qxe5 30. Qc6 Qd4+ 31. Kh1 Kg7 32. Rxf7+ Kxf7 33. Rf1+
Qf6 34. Qc7+ Kg6 35. Rxf6+ Kxf6 36. Qf4+ 1/2-1/2

[Event "London Classic Open 2016"]
[Site "London ENG"]
[Date "2016.12.12"]
[Round "5.1"]
[White "Aravindh, Chithambaram VR."]
[Black "Bogner, Sebastian"]
[Result "1-0"]
[WhiteTitle "GM"]
[BlackTitle "GM"]
[WhiteElo "2566"]
[BlackElo "2564"]
[WhiteFideId "5072786"]
[BlackFideId "4692055"]
[EventDate "2016.12.09"]

1. e4 c5 2. Nf3 e6 3. g3 Nc6 4. Bg2 Nf6 5. Nc3 d5 6. exd5 Nxd5 7. O-O Nf6 8. Re1
Be7 9. b3 O-O 10. Bb2 Rb8 11. a4 b6 12. d4 Bb7 13. dxc5 Bxc5 14. Nb5 a6 15. Nbd4
Nxd4 16. Nxd4 Qc7 17. Qe2 Rfd8 18. Rad1 Bb4 19. Nxe6 fxe6 20. Bxf6 Rxd1 21. Rxd1
Bxg2 22. Kxg2 Qc6+ 23. Kg1 Bf8 24. Be5 Rb7 25. Bd6 Rf7 26. Bxf8 Rxf8 27. Re1 Rf6
28. Qxa6 Qxc2 29. Qxb6 e5 30. Qe3 Qb2 31. Re2 1-0

[Event "London Classic Open 2016"]
[Site "London ENG"]
[Date "2016.12.12"]
[Round "5.2"]
[White "Bacrot, Etienne"]
[Black "Shabalov, Alexander"]
[Result "1-0"]
[WhiteTitle "GM"]
[BlackTitle "GM"]
[WhiteElo "2689"]
[BlackElo "2563"]
[WhiteFideId "605506"]
[BlackFideId "2008572"]
[EventDate "2016.12.09"]

1. e4 c6 2. Nf3 d5 3. Nc3 Nf6 4. e5 Ne4 5. Ne2 Qb6 6. d4 e6 7. Nfg1 f6 8. f3 Ng5
9. exf6 gxf6 10. f4 Nf7 11. Nf3 e5 12. fxe5 fxe5 13. dxe5 Bg7 14. c3 O-O 15. Qd4
Nd7 16. Qxb6 Nxb6 17. Ned4 c5 18. Nb3 Bg4 19. e6 Bxe6 20. Nxc5 Bg4 21. h3 Bh5
22. g4 Bg6 23. Nh4 Rae8+ 24. Kd1 Nd6 25. Nxg6 hxg6 26. Bd3 Ne4 27. Bxe4 dxe4 28.
Re1 Re5 29. Be3 Nc4 30. Bd4 Rd5 31. Kc2 e3 32. b3 Na3+ 33. Kd3 Re8 34. Rxe3
Rxe3+ 35. Kxe3 Rxd4 36. cxd4 Nc2+ 37. Kd3 Nxa1 38. Nxb7 Kf8 39. Nd8 Ke8 40. Nc6
a6 41. Nb8 Ke7 42. Nxa6 Kd6 43. h4 Bf6 44. h5 gxh5 45. gxh5 Bg7 46. Nb4 Bh6 47.
Na6 Kc6 48. Nc5 Kd5 49. Ne4 Bg7 50. Nc3+ Kc6 51. Nd1 Kd5 52. Ne3+ Ke6 53. b4 1-0

[Event "London Classic Open 2016"]
[Site "London ENG"]
[Date "2016.12.12"]
[Round "5.3"]
[White "Fressinet, Laurent"]
[Black "Svane, Rasmus"]
[Result "1/2-1/2"]
[WhiteTitle "GM"]
[BlackTitle "GM"]
[WhiteElo "2672"]
[BlackElo "2555"]
[WhiteFideId "608742"]
[BlackFideId "4657101"]
[EventDate "2016.12.09"]

1. e4 e6 2. d4 d5 3. Nd2 c5 4. Ngf3 cxd4 5. Nxd4 Nf6 6. exd5 Nxd5 7. N2f3 Bb4+
8. Bd2 O-O 9. Bc4 Nc6 10. Bxb4 Ndxb4 11. Nxc6 Nxc6 12. O-O b6 13. Qe2 Bb7 14. c3
Qe7 15. Ba6 Bxa6 16. Qxa6 Rad8 17. Rad1 h6 18. Qa4 Rxd1 19. Rxd1 Rd8 20. h3
Rxd1+ 21. Qxd1 Qc7 22. Qa4 Qd6 23. Qe4 Qd1+ 24. Kh2 Qd6+ 25. g3 f5 26. Qc4 Qd5
27. Qxd5 exd5 28. Nh4 Ne7 29. f4 Kf7 30. Nf3 Nc8 31. Ne5+ Kf6 32. Kg2 Nd6 33.
Kf3 Ke6 34. g4 Nc4 35. Nd3 1/2-1/2

[Event "London Classic Open 2016"]
[Site "London ENG"]
[Date "2016.12.12"]
[Round "5.5"]
[White "Schroeder, Jan-Christian"]
[Black "Hovhannisyan, Robert"]
[Result "1-0"]
[WhiteTitle "GM"]
[BlackTitle "GM"]
[WhiteElo "2541"]
[BlackElo "2630"]
[WhiteFideId "24662259"]
[BlackFideId "13302507"]
[EventDate "2016.12.09"]

1. e4 e5 2. Nf3 Nf6 3. Nxe5 d6 4. Nf3 Nxe4 5. d4 d5 6. Bd3 Nc6 7. O-O Be7 8.
Nbd2 Nxd2 9. Bxd2 Bg4 10. c3 O-O 11. h3 Bh5 12. g3 Re8 13. Kg2 Bf8 14. Qc2 Bg6
15. Bxg6 hxg6 16. Rae1 Qd7 17. h4 a6 18. Rh1 Rxe1 19. Rxe1 Rc8 20. Bc1 b5 21.
Bf4 Qf5 22. Qxf5 gxf5 23. h5 a5 24. Nh4 Ne7 25. Kf3 a4 26. a3 Kh7 27. Re2 Kg8
28. Re3 Kh7 29. Re1 Kg8 30. Re2 Kh7 31. Re5 c6 32. Re2 Rd8 33. Bg5 f6 34. Bf4
Rd7 35. Re6 Kg8 36. Ng6 Kf7 37. Nxf8 Rd8 38. Rxe7+ Kxe7 39. Ng6+ Kf7 40. Be3 Ke6
41. Kf4 Re8 42. Nh4 Rh8 43. Nxf5 Kf7 44. Kg4 g6 45. hxg6+ Kxg6 46. Ne7+ Kf7 47.
Nxc6 Rh1 48. Nb4 Rb1 49. Nd3 Rd1 50. Nc1 Ke6 51. Kf3 Kf5 52. Ke2 Rh1 53. Nd3 Kg4
54. Bd2 Kf5 55. Be1 Rh8 56. Kf3 Rh1 57. Kg2 Rh8 58. Nf4 b4 59. axb4 1-0

[Event "London Classic Open 2016"]
[Site "London ENG"]
[Date "2016.12.12"]
[Round "5.6"]
[White "Karthikeyan, Murali"]
[Black "Bok, Benjamin"]
[Result "0-1"]
[WhiteTitle "GM"]
[BlackTitle "GM"]
[WhiteElo "2530"]
[BlackElo "2598"]
[WhiteFideId "5074452"]
[BlackFideId "1017063"]
[EventDate "2016.12.09"]

1. e4 c5 2. Nf3 d6 3. d4 cxd4 4. Nxd4 Nf6 5. Nc3 a6 6. h3 e5 7. Nb3 Be7 8. g4 h6
9. Be3 Nbd7 10. Bg2 b5 11. O-O Bb7 12. f4 b4 13. Nd5 Nxd5 14. exd5 O-O 15. a3
bxa3 16. Rxa3 a5 17. Qa1 Nb6 18. Nxa5 Bxd5 19. Bxd5 Nxd5 20. Nc6 Rxa3 21. Qxa3
Qd7 22. Nxe7+ Qxe7 23. Qd3 Nxf4 24. Bxf4 exf4 25. Rxf4 Re8 26. Rf2 Qa7 27. Kg2
Re6 28. c4 Qe7 29. b4 Re3 30. Qd5 Qh4 31. Qxf7+ Kh8 32. Qh5 Qg3+ 33. Kf1 Re5 34.
Qf7 Qxh3+ 35. Rg2 Qe3 36. Ra2 Qh3+ 37. Rg2 Qh1+ 38. Rg1 Qe4 39. Rg3 Qe1+ 0-1

[Event "London Classic Open 2016"]
[Site "London ENG"]
[Date "2016.12.12"]
[Round "5.7"]
[White "Cornette, Matthieu"]
[Black "Karthikeyan, P."]
[Result "1/2-1/2"]
[WhiteTitle "GM"]
[BlackTitle "IM"]
[WhiteElo "2597"]
[BlackElo "2474"]
[WhiteFideId "620084"]
[BlackFideId "5018226"]
[EventDate "2016.12.09"]

1. c4 e5 2. g3 Nf6 3. Bg2 Bc5 4. Nc3 O-O 5. Nf3 Nc6 6. O-O Re8 7. e3 Bf8 8. a3
h6 9. Qc2 a5 10. b3 d6 11. Bb2 Be6 12. Nh4 d5 13. cxd5 Nxd5 14. Na4 Qd7 15. Nc5
Bxc5 16. Qxc5 Nf6 17. b4 Bd5 18. Bxd5 Nxd5 19. b5 Na7 20. a4 Nb4 21. Bc3 Nd3 22.
Qc4 Nc8 23. Qe4 Nc5 24. Qf3 Nd6 25. Bxe5 Rxe5 26. d4 Rg5 27. dxc5 Rxc5 28. Rfd1
Qe6 29. Rd4 Re8 30. Rad1 Ne4 31. Ng2 Rc2 32. Nf4 Qe7 33. Nd3 c5 34. bxc6 bxc6
35. Qf5 g6 36. Qd7 Nc3 37. Qxe7 Rxe7 38. Rd8+ Kg7 39. Ra1 Re4 40. Ra8 Rxa4 41.
Rxa4 Nxa4 42. Rxa5 Nc3 43. Ra7 Ne4 44. f3 Nd6 45. e4 Nc4 46. Rc7 1/2-1/2

[Event "London Classic Open 2016"]
[Site "London ENG"]
[Date "2016.12.12"]
[Round "5.8"]
[White "Arkell, Keith C"]
[Black "Lenderman, Aleksandr"]
[Result "1/2-1/2"]
[WhiteTitle "GM"]
[BlackTitle "GM"]
[WhiteElo "2447"]
[BlackElo "2581"]
[WhiteFideId "400270"]
[BlackFideId "2021285"]
[EventDate "2016.12.09"]

1. d4 Nf6 2. Nf3 d5 3. c4 e6 4. Nc3 c6 5. cxd5 exd5 6. Bg5 h6 7. Bh4 Bf5 8. e3
Nbd7 9. Bd3 Bxd3 10. Qxd3 Bd6 11. O-O O-O 12. Rfe1 Re8 13. Rab1 a5 14. Qc2 Qb8
15. Bg3 Bxg3 16. hxg3 Qd6 17. a3 g6 18. b4 axb4 19. Rxb4 b5 20. Qb3 Ne4 21. a4
Nxc3 22. Qxc3 bxa4 23. Ra1 c5 24. Rbxa4 Rxa4 25. Rxa4 c4 26. Nd2 Nf6 27. Qa1 Kg7
28. Ra3 Rb8 29. Rc3 Qb4 30. Rc2 Re8 31. Kf1 Qd6 32. Kg1 Qe6 33. Rc3 Qg4 34. Rc2
Qh5 35. Ra2 Qf5 36. Qc1 Ng4 37. Nf3 Rb8 38. Rc2 Rb3 39. Ne1 Qf6 40. Qd1 h5 41.
Nf3 Qf5 42. Ne1 g5 43. Qc1 f6 44. Qa1 Qd7 45. Nf3 Kh6 46. Rc1 Qb7 47. Nh2 Rb2
48. Nxg4+ hxg4 49. Qa3 Kg6 50. Qf8 Qb8 51. Qc5 Qg8 52. Qc6 Rd2 53. Ra1 Qf7 54.
Kf1 Kh5 55. Qc8 1/2-1/2

[Event "London Classic Open 2016"]
[Site "London ENG"]
[Date "2016.12.12"]
[Round "5.9"]
[White "Daulyte, Deimante"]
[Black "Blomqvist, Erik"]
[Result "0-1"]
[WhiteTitle "IM"]
[BlackTitle "GM"]
[WhiteElo "2429"]
[BlackElo "2567"]
[WhiteFideId "12802859"]
[BlackFideId "1709437"]
[EventDate "2016.12.09"]

1. e4 c5 2. Nf3 Nc6 3. Nc3 g6 4. Bb5 Bg7 5. O-O d6 6. e5 dxe5 7. Bxc6+ bxc6 8.
Re1 Qc7 9. Qe2 Nh6 10. Qe3 Nf5 11. Qxc5 Qd6 12. Na4 Qxc5 13. Nxc5 f6 14. d3 Kf7
15. a4 g5 16. b3 g4 17. Nd2 Nd4 18. Ra2 h5 19. Nc4 h4 20. Be3 h3 21. Bxd4 exd4
22. Na5 hxg2 23. b4 e5 24. Nxc6 Bf8 25. Ne4 Be6 26. Rb2 Bd5 27. b5 Ba3 28. Rbb1
Rh5 29. Ng3 Rxh2 30. Re4 Rah8 0-1

[Event "London Classic Open 2016"]
[Site "London ENG"]
[Date "2016.12.12"]
[Round "5.10"]
[White "Safarli, Eltaj"]
[Black "Battaglini, Gabriel"]
[Result "1-0"]
[WhiteTitle "GM"]
[BlackTitle "IM"]
[WhiteElo "2691"]
[BlackElo "2426"]
[WhiteFideId "13402129"]
[BlackFideId "621650"]
[EventDate "2016.12.09"]

1. e4 e6 2. d4 d5 3. Nc3 Nf6 4. Bg5 dxe4 5. Nxe4 Be7 6. Bxf6 gxf6 7. Nf3 f5 8.
Nc3 Qd6 9. Qe2 a6 10. O-O-O Nd7 11. d5 e5 12. Qe3 e4 13. Nd4 Nb6 14. Be2 Nxd5
15. Nxf5 Nxe3 16. Nxd6+ Bxd6 17. fxe3 Bc5 18. Nxe4 Bxe3+ 19. Kb1 O-O 20. Nf6+
Kg7 21. Nd5 Bc5 22. Nxc7 Rb8 23. Rhf1 b5 24. Rd5 Be7 25. Re5 Bd8 26. Ne8+ Kh8
27. Nf6 Rb6 28. Nh5 f6 29. Bd3 b4 30. Rc5 Bd7 31. Nf4 f5 32. Nd5 Rh6 33. h3 a5
34. Bb5 Be6 35. Nf4 Bg8 36. Bd3 a4 37. Rxf5 Rxf5 38. Bxf5 a3 39. Re1 Rd6 40. b3
Bh4 41. Rf1 Bf6 42. Bd3 Be5 43. g3 Bf7 44. Re1 Bc3 45. Re7 Bg6 46. Kc1 Bf5 47.
Kd1 Kg8 48. Ke2 Kf8 49. Rc7 Bd7 50. Bxh7 Rd2+ 51. Ke3 Rd1 52. Bd3 Ke8 53. Nd5
Ra1 54. Nxc3 bxc3 55. Ra7 Rxa2 56. h4 Ra1 57. Kd4 1-0

[Event "London Classic Open 2016"]
[Site "London ENG"]
[Date "2016.12.12"]
[Round "5.11"]
[White "Wells, Peter K"]
[Black "Iturrizaga Bonelli, Eduardo"]
[Result "0-1"]
[WhiteTitle "GM"]
[BlackTitle "GM"]
[WhiteElo "2431"]
[BlackElo "2652"]
[WhiteFideId "400327"]
[BlackFideId "3901211"]
[EventDate "2016.12.09"]

1. d4 Nf6 2. c4 b6 3. f3 Nc6 4. Nc3 e5 5. d5 Ne7 6. e3 d6 7. Bd3 g6 8. f4 exf4
9. exf4 Bg7 10. Nf3 O-O 11. O-O c6 12. dxc6 Nxc6 13. f5 d5 14. fxg6 hxg6 15. Bg5
Qd6 16. Bxf6 Bxf6 17. Nxd5 Bxb2 18. Rb1 Bg7 19. Ng5 Qe5 20. Qd2 Bh6 21. Nf6+ Kg7
22. h4 Qd4+ 23. Qf2 Qxd3 24. Rb3 Qd4 25. Re3 Bf5 26. g4 Qxf6 27. gxf5 Nd4 0-1

[Event "London Classic Open 2016"]
[Site "London ENG"]
[Date "2016.12.12"]
[Round "5.12"]
[White "Martins, David Pires Tavares"]
[Black "Gupta, Abhijeet"]
[Result "0-1"]
[WhiteTitle "FM"]
[BlackTitle "GM"]
[WhiteElo "2382"]
[BlackElo "2634"]
[WhiteFideId "1909991"]
[BlackFideId "5010608"]
[EventDate "2016.12.09"]

1. Nf3 Nf6 2. c4 g6 3. g3 Bg7 4. Bg2 O-O 5. O-O d6 6. d4 Nbd7 7. Nc3 e5 8. dxe5
dxe5 9. Qc2 c6 10. b3 Qe7 11. Rd1 Re8 12. Ng5 e4 13. Bf4 Ne5 14. Ngxe4 Bf5 15.
Bg5 Neg4 16. Nxf6+ Bxf6 17. e4 Bxg5 18. exf5 Be3 19. Rf1 Rad8 20. Ne4 Bd4 21.
fxg6 hxg6 22. Rae1 Nxf2 23. Nxf2 Qxe1 24. Rxe1 Rxe1+ 25. Bf1 Be3 0-1

[Event "London Classic Open 2016"]
[Site "London ENG"]
[Date "2016.12.12"]
[Round "5.13"]
[White "Melkumyan, Hrant"]
[Black "Raghunandan, Kaumandur Srihari"]
[Result "1-0"]
[WhiteTitle "GM"]
[BlackTitle "IM"]
[WhiteElo "2633"]
[BlackElo "2423"]
[WhiteFideId "13302485"]
[BlackFideId "25004964"]
[EventDate "2016.12.09"]

1. e4 c5 2. Nf3 d6 3. d4 cxd4 4. Nxd4 Nf6 5. Nc3 a6 6. h3 e5 7. Nde2 h5 8. Bg5
Be7 9. Ng3 g6 10. Bc4 Be6 11. Bxe6 fxe6 12. Qd2 b5 13. O-O O-O 14. a4 b4 15.
Nce2 Qa5 16. Qd3 Nbd7 17. Qc4 d5 18. exd5 exd5 19. Qd3 e4 20. Qd2 Kh7 21. Nd4
Qb6 22. Be3 Bc5 23. a5 Qd6 24. b3 Rac8 25. Rfd1 Ne5 26. Nf1 Rf7 27. Ne2 Nc6 28.
Bxc5 Qxc5 29. Qe3 Qb5 30. Ra4 Rff8 31. Nd4 Nxd4 32. Qxd4 Rxc2 33. Rxb4 Qxa5 34.
Rb7+ Kg8 35. Ne3 Rcc8 36. Qe5 Rce8 37. Qg5 1-0